<?xml version="1.0" encoding="UTF-8"?>
<collection xmlns:xsi="http://www.w3.org/2001/XMLSchema-instance" xsi:schemaLocation="http://www.loc.gov/MARC21/slim http://www.loc.gov/standards/marcxml/schema/MARC21slim.xsd" xmlns="http://www.loc.gov/MARC21/slim">
 <record>
  <leader>00000cam a22000004i 4500</leader>
  <controlfield tag="001">UP-99796217612712536</controlfield>
  <controlfield tag="003">Buklod</controlfield>
  <controlfield tag="005">20180322172648.0</controlfield>
  <controlfield tag="006">aa    r     ||| u </controlfield>
  <controlfield tag="007">ta</controlfield>
  <controlfield tag="008">180322s2015    xx     d     r    |||| u|</controlfield>
  <datafield tag="020" ind1=" " ind2=" ">
   <subfield code="a">9781783471362</subfield>
  </datafield>
  <datafield tag="035" ind1=" " ind2=" ">
   <subfield code="a">(iLib)UPD-00360916081</subfield>
  </datafield>
  <datafield tag="040" ind1=" " ind2=" ">
   <subfield code="a">DLC</subfield>
   <subfield code="d">DECON</subfield>
   <subfield code="e">rda</subfield>
  </datafield>
  <datafield tag="090" ind1=" " ind2=" ">
   <subfield code="a">HC 79 E5</subfield>
   <subfield code="b">H357 2015</subfield>
  </datafield>
  <datafield tag="245" ind1="0" ind2="0">
   <subfield code="a">Handbook of sustainability assessment</subfield>
   <subfield code="c">edited by Angus Morrison-Saunders, Jenny Pope, Alan Bond.</subfield>
  </datafield>
  <datafield tag="264" ind1=" " ind2="1">
   <subfield code="a">Cheltenham, UK</subfield>
   <subfield code="b">Edward Elgar Publishing</subfield>
   <subfield code="c">2015.</subfield>
  </datafield>
  <datafield tag="300" ind1=" " ind2=" ">
   <subfield code="a">ix, 463 pages</subfield>
   <subfield code="c">25 cm.</subfield>
  </datafield>
  <datafield tag="336" ind1=" " ind2=" ">
   <subfield code="a">text</subfield>
   <subfield code="2">rdacontent</subfield>
  </datafield>
  <datafield tag="337" ind1=" " ind2=" ">
   <subfield code="a">unmediated</subfield>
   <subfield code="2">rdamedia</subfield>
  </datafield>
  <datafield tag="338" ind1=" " ind2=" ">
   <subfield code="a">volume</subfield>
   <subfield code="2">rdacarrier</subfield>
  </datafield>
  <datafield tag="490" ind1="0" ind2=" ">
   <subfield code="a">Research Handbooks on Impact Assessment</subfield>
  </datafield>
  <datafield tag="505" ind1="0" ind2=" ">
   <subfield code="a">PART I CONCEPTUALISATIONS. -- 1. Introducing the Roots, Evolution and Effectiveness of Sustainability Assessment / Alan Bond, Jenny Pope and Angus Morrison-Saunders. -- 2. A Conceptual Framework for Sustainability Assessment / Jenny Pope, Alan Bond and Angus Morrison-Saunders. -- 3. The Economics of Sustainable Development / Nick Hanley. -- 4. Equity in Sustainability Assessment: A Conceptual Framework / Lydia Lamorgese and Davide Geneletti. -- PART II SCALES OF ASSESSMENT5. Sustainability Considerations in Regional Environmental Assessment / Jill Gunn and Bram Noble. -- 6. Sustainability Assessment at the Policy Level / Camilla Adelle and Sabine Weiland. -- PART III SECTORS OF ASSESSMENT. -- 7. Sustainability Assessment and Energy Future: Opportunities for Brazilian Sugarcane Ethanol Planning / Carla Grigoletto Duarte, Tadeu Fabricio Malheiros, Amarilis Lucia Castelli Figueiredo Gallardo and Luis Enrique Sanchez. -- 8. A Sustainability Assessment Framework for Energy Systems - Building an Appropriate Relationship with Energy / Kryke Gaudreau and Robert Gibson. -- 9. Cities and Sustainability Assessment - Resilience and Sustainability Thinking about the Future of Cities / Maria Partidario and Pedro Pereira. -- PART IV APPROACHES TO SUSTAINABILITY ASSESSMENT. -- 10. Ecosystem Services and Sustainability Assessment: Theory and Practice / Davide Geneletti, Alan Bond, Duncan Russel, John Turnpenny, William Sheate and Andy Jordan. -- 11. Multicriteria Analysis for Sustainability Assessment: Concepts and Case Studies / Davide Geneletti and Valentina Ferretti. -- 12. Setting and Measuring Objectives in Sustainability Assessment / Samuel Hayes and Thomas Fischer. -- 13. A Systems Approach to Sustainability Assessment William Grace and Jenny Pope. -- 14. An Introduction to Sustainability Science and its Links to Sustainability Assessment / Michelle Audouin, Mike Burns, Alex Weaver, David le Maitre, Patrick O'Farrell, Rudolph du Toit and Jeanne Nel. -- PART V GOVERNANCE AND ENGAGEMENT. -- 15. Public Participation in Sustainability Assessment: Essential Elements, Practical Challenges and Emerging Directions / John Sinlair, Alan Diduck and Morgan Vespa. -- 16. Deliberative Collaborative Governance Approaches to Sustainability Assessment / Janette Hartz-Karp, Jenny Pope and Svetla Petrova. -- 17. Key Learning from Psychology for Sustainability Assessment / Francois Retief, Angus Morrison-Saunders, Jenny Pope and Alan Bond. -- PART VI CONCLUSIONS AND EPILOGUE. -- 18. Conclusion: Reflections on the State of the Art of Sustainability Assessment / Jenny Pope, Alan Bond and Angus Morrison-Saunders. Epilogue / Robert Gibson. Index</subfield>
  </datafield>
  <datafield tag="650" ind1=" " ind2="0">
   <subfield code="a">Sustainability.</subfield>
  </datafield>
  <datafield tag="650" ind1=" " ind2="0">
   <subfield code="a">Sustainable development.</subfield>
  </datafield>
  <datafield tag="650" ind1=" " ind2="0">
   <subfield code="a">Environmental impact analysis.</subfield>
  </datafield>
  <datafield tag="700" ind1="1" ind2=" ">
   <subfield code="a">Morrison-Saunders, Angus</subfield>
   <subfield code="d">1966-</subfield>
   <subfield code="e">editor.</subfield>
  </datafield>
  <datafield tag="700" ind1="1" ind2=" ">
   <subfield code="a">Pope, Jenny</subfield>
   <subfield code="e">editor.</subfield>
  </datafield>
  <datafield tag="700" ind1="1" ind2=" ">
   <subfield code="a">Bond, Alan</subfield>
   <subfield code="e">editor.</subfield>
  </datafield>
  <datafield tag="905" ind1=" " ind2=" ">
   <subfield code="a">FO</subfield>
  </datafield>
  <datafield tag="852" ind1="0" ind2=" ">
   <subfield code="a">UPD</subfield>
   <subfield code="b">DECON</subfield>
   <subfield code="h">HC 79 E5 H357 2015</subfield>
  </datafield>
  <datafield tag="942" ind1=" " ind2=" ">
   <subfield code="a">Book</subfield>
  </datafield>
 </record>
</collection>
